Heath Quotes - Statistics

General Stats
  • This quiz has been taken 6 times
  • The average score is 2 of 13
Answer Stats
Sentence Answer % Correct
That's what __ said She
100%
Fortnite __ Royale Battle
40%
Shut __ It
40%
Hey shawty __ Bae
0%
You silly __ Billy
0%
Aw london I thought we were __ Buddies
0%
This is __ Gnarly
0%
That is __ Inappropriate
0%
Oh no it's the __ Nazi's
0%
That's not __ Nice
0%
Be __ Quite
0%
*says __ joke* Unfunny
0%
London __ V-roy
0%
No matching quizzes found
Score Distribution
Percent of People with Each Score
Percentile by Number Answered
Your Score History
You have not taken this quiz